Adele Top 20 Streams - Statistics

General Stats
  • This quiz has been taken 82 times
  • The average score is 13 of 20
Answer Stats
Answer Streams % Correct
Hello 1.4 billion
94%
Rolling In The Deep 1.4 billion
90%
Someone Like You 1.5 billion
90%
Easy on Me 1.3 billion
85%
Set Fire To The Rain 1 billion
81%
Chasing Pavements 465.8 million
75%
Skyfall 393.1 million
75%
When We Were Young 1 billion
69%
Oh My God 450.1 million
63%
I Drink Wine 183.1 million
61%
Water Under The Bridge 554.1 million
60%
Make You Feel My Love 942.6 million
58%
All I Ask 520.3 million
57%
Love In The Dark 451.9 million
54%
Turning Tables 353.7 million
52%
Rumour Has It 282.1 million
46%
One and Only 241.8 million
45%
Remedy 225 million
43%
Send My Love (To Your New Lover) 932.3 million
42%
Don't You Remember 223.2 million
36%
No matching quizzes found
Score Distribution
Percent of People with Each Score
Percentile by Number Answered
Your Score History
You have not taken this quiz